Southville International School and Colleges
Your cart is empty.
  • Cart
  • Lists
    Public lists Eva Luna New books Lux_list list_1
    Your lists Log in to create your own lists
  • Log in to your account
  • Your cookies
  • Search history
Southville International School and Colleges
  • Advanced search
  • Recent comments
  • Most popular
  • Libraries

Log in to your account

Log in with GOOGLE


If you do not have an external account, but do have a local account, you can still log in:

  1. Home
  2. MARC view: Rapunzel/.
Normal view MARC view ISBD view

Rapunzel/. (Record no. 293667)

[ view plain ]
MARC details
000 -LEADER
fixed length control field 00697cgm a22002415a 4500
001 - CONTROL NUMBER
control field 11661938
003 - CONTROL NUMBER IDENTIFIER
control field 11661938
005 - DATE AND TIME OF LATEST TRANSACTION
control field 20160419140952.0
007 - PHYSICAL DESCRIPTION FIXED FIELD--GENERAL INFORMATION
fixed length control field v| ||||||
008 - FIXED-LENGTH DATA ELEMENTS--GENERAL INFORMATION
fixed length control field 951109s1995 xx vaund
010 ## - LIBRARY OF CONGRESS CONTROL NUMBER
LC control number 95521441
017 ## - COPYRIGHT OR LEGAL DEPOSIT NUMBER
Copyright or legal deposit number PA751-590
Assigning agency U.S. Copyright Office
040 ## - CATALOGING SOURCE
Original cataloging agency DLC
Transcribing agency DLC
Description conventions amim
Modifying agency DLC
050 00 - LIBRARY OF CONGRESS CALL NUMBER
Classification number ER R11 1995
245 00 - TITLE STATEMENT
Title Rapunzel/.
Statement of responsibility, etc director, Bruce W. Smith.
246 30 - VARYING FORM OF TITLE
Title proper/short title Fairy tales for every child.
Name of part/section of a work Rapunzel
246 30 - VARYING FORM OF TITLE
Title proper/short title Rapunzel
260 ## - PUBLICATION, DISTRIBUTION, ETC. (IMPRINT)
Date of publication, distribution, etc 1995.
655 #7 - INDEX TERM--GENRE/FORM
Genre/form data or focus term Children's television programs.
Source of term lcgft
655 #7 - INDEX TERM--GENRE/FORM
Genre/form data or focus term Animated television programs.
Source of term lcgft
710 2# - ADDED ENTRY--CORPORATE NAME
Corporate name or jurisdiction name as entry element Copyright Collection (Library of Congress)
Institution to which field applies DLC
942 ## - ADDED ENTRY ELEMENTS (KOHA)
Source of classification or shelving scheme Dewey Decimal Classification
Koha item type Books

No items available.

Rapunzel/.

APA

Copyright Collection (Library of Congress), . (1995). Rapunzel. : .

Chicago

Copyright Collection (Library of Congress), . 1995. Rapunzel. : .

Harvard

Copyright Collection (Library of Congress), . (1995). Rapunzel. : .

MLA

Copyright Collection (Library of Congress), . Rapunzel. : . 1995.

  • Print
  • Cite
  • Add to your cart (remove)
  • Save record
    BIBTEX Dublin Core MARCXML MARC (non-Unicode/MARC-8) MARC (Unicode/UTF-8) MARC (Unicode/UTF-8, Standard) MODS (XML) RIS
  • More searches
    Search for this title in:
    Other Libraries (WorldCat) Other Databases (Google Scholar) Online Stores (Bookfinder.com) Open Library (openlibrary.org)

Exporting to Dublin Core...

SOUTHVILLE LIBRARY

Southville International School and Colleges Library

1281 Tropical Ave. Cor. Luxembourg St., BF Homes International, Las Pinas City

Tel. No. 8256374 / 252358 Loc. 117/146

Powered by Koha